Statistics for NFL teams word scramble

Click here to take the quiz!

General Stats

  • This quiz has been taken 899 times
  • The average score is 22 of 32

Answer Stats

HintAnswer% Correct
soltccolts
99%
lafoscnfalcons
85%
tessleresteelers
83%
sreenaccubbuccaneers
80%
tsjejets
80%
lsbilbills
79%
kvignsivikings
79%
ser9449ers
77%
garjusajaguars
77%
tanperhspanthers
76%
poldhsnidolphins
75%
mrasrams
75%
onilslions
74%
swnborbrowns
73%
sbyowcocowboys
73%
ehwskeaaseahawks
73%
edksnirsredskins
72%
nxtesatexans
68%
tanitstitans
68%
hcesifchiefs
67%
tritspaopatriots
66%
nosrbocbroncos
65%
tginasgiants
61%
elsageeagles
59%
rbesabears
58%
cpaserkpackers
55%
nsrvaeravens
55%
nstasisaints
53%
sarderiraiders
50%
alsdnircacardinals
48%
grseahcrchargers
42%
glsebnabangles
14%

Score Distribution

Percentile by Number Answered

Percent of People with Each Score

Your Score History

You have not taken this quiz